| 000 | 00000nas 2200000zi 4500 |
| 001 | 9.931960 |
| 003 | CaOODSP |
| 005 | 20250127104608 |
| 006 | m o d f |
| 007 | cr cn||||||||| |
| 008 | 240103c20239999oncar p o f0 b0fre|d |
| 022 | |a2817-9897 |
| 040 | |aCaOODSP|bfre|erda|cCaOODSP |
| 043 | |an-cn--- |
| 086 | 1 |aH2-7F-PDF |
| 110 | 1 |aCanada. |bSanté Canada, |eauteur, |eorganisme de publication. |
| 222 | 0|aRapport d'étape sur l'accessibilité de Santé Canada |
| 245 | 10|aRapport d'étape sur l'accessibilité de Santé Canada. |
| 264 | 1|aOttawa (Ontario) : |bSanté Canada = Health Canada, |c2024- |
| 310 | |aAnnuel |
| 336 | |atexte|btxt|2rdacontent/fre |
| 337 | |ainformatique|bc|2rdamedia/fre |
| 338 | |aressource en ligne|bcr|2rdacarrier/fre |
| 362 | 1 |aParaît depuis : 2023. |
| 500 | |aPublié aussi en anglais sous le titre : Health Canada accessibility progress report. |
| 588 | |aDescription d'après : 2023; titre de la page couverture du fichier PDF. |
| 588 | |aDernière livraison consultée : 2023. |
| 610 | 16|aCanada. |bSanté Canada|vPériodiques. |
| 650 | 6|aAccessibilité aux personnes handicapées|zCanada|xPlanification|vPériodiques. |
| 650 | 6|aPersonnes handicapées|xPolitique gouvernementale|zCanada|vPériodiques. |
| 655 | 7|aPériodiques|2rvmgf |
| 775 | 08|tHealth Canada accessibility progress report.|w(CaOODSP)9.931958 |